000 00468nam a2200193Ia 4500
005 20240823015817.0
008 240823s9999||||xx |||||||||||||| ||und||
020 _a981-265-551-4
041 _aENGLISH
082 _A628 P5
100 _aRaman Sivakumar
245 0 _aEnvironmental Science and Engineering
250 _a2nd
260 _c2005
_b"Thomson,Aust"
500 _aYES
650 _aEnvironmental Science
_bMechanical
942 _cBK
999 _c173297
_d173297